00904nam a2200229 a 450000100100000000500170001000800410002702000150006804000250008308200180010810000270012624000340015324500730018726000410026030000210030165000310032265000350035370000310038895201160041995201220053599900170065700002108120200930011229.0100830s1999 sp r 000 f spa d a8479534303 aDO-SdBNPbspacBNPHU a813.54bM146b1 aMcGoldrick, May94408410aThe beauty of mystlEspañol10aBella en la niebla /cMay McGoldrick; traducción de Cristina Sanz. aBarcelona :bEdiciones Urano,c1999. a465 p. ;c18 cm. 4aNovela estadounidense9262 4aLiteratura estadounidense92631 aSanz, Cristinaetr.944085 001050718MOaGRbGRcHDd2010-08-30iLF1l0o813.54 M146bp21081-10r2020-06-25w2020-06-25y1ZNo se presta 001150718MOaGRbGRcMId2017-05-22iLF1l0o813.54 M146bp21081-20r2020-06-25te. 2w2020-06-25y1ZNo se presta c20583d20583